Holiday Quiz

Random Holiday or Blitz Quiz

Catch the Turkeys! Quiz Stats

 Plays Quiz Updated Oct 8, 2018

Score 0/57 Timer 00:45
4 Plays Today
% Correct
.
97.5%
.
97.4%
.
97.4%
.
97.2%
.
97.2%
.
97%
.
96.6%
.
96.4%
.
96.3%
.
96.2%
.
96.1%
.
96.1%
.
96%
.
95.8%
.
95.7%
.
95.7%
.
95.5%
.
95.5%
.
95.2%
.
95.1%
.
95%
.
94.9%
.
94.9%
.
94.9%
.
94.9%
.
94.8%
.
94.7%
.
94.6%
.
94.5%
% Correct
.
94%
.
94%
.
93.9%
.
93.2%
.
93.1%
.
92.8%
.
92.3%
.
92.3%
.
92.2%
.
92%
.
91.8%
.
91.7%
.
91.6%
.
91.5%
.
91.1%
.
91.1%
.
89.6%
.
89.3%
.
88.9%
.
88.6%
.
87.8%
.
87.5%
.
87.4%
.
87.3%
.
87%
.
86.8%
.
86.4%
.
82.5%

You're not logged in!

Compare scores with friends on all Sporcle quizzes.
OR
Log In

Show Comments

Extras

Top Quizzes Today


Score Distribution

Your Account Isn't Verified!

In order to create a playlist on Sporcle, you need to verify the email address you used during registration. Go to your Sporcle Settings to finish the process.

Report this User

Report this user for behavior that violates our Community Guidelines.

Details: